000 00632nam a2200181Ia 4500
008 090123s9999 xx 000 0 und d
082 _b3644
100 _aश्रीवास्तव लीला
245 _aफाशी गेलेली उन्हं
250 _a1
260 _bसोमय्या पब्लिकोशन
_c1974
300 _a184
600 _aश्रीवास्तव लीला
630 _aफाशी गेलेली उन्हं
700 _aश्रीवास्तव लीला
730 _aफाशी गेलेली उन्हं
942 _cBOOK
999 _c41723
_d41723